LIBRARY & INFORMATION CENTRE, KCAET, TAVANUR

ONLINE PUBLIC ACCESS CATALOGUE (OPAC)

Farm Machinery / (Record no. 9482)

MARC details
000 -LEADER
fixed length control field 00307cam a2200133ua 4500
020 ## - INTERNATIONAL STANDARD BOOK NUMBER
ISBN 9788126551361
082 ## - DEWEY DECIMAL CLASSIFICATION NUMBER
Classification number 631.3
Item number CUL/FA
100 ## - MAIN ENTRY--AUTHOR NAME
Personal name Culpin, Claude .
245 ## - TITLE STATEMENT
Title Farm Machinery /
250 ## - EDITION STATEMENT
Edition statement 10 / 12 th
260 ## - PUBLICATION, DISTRIBUTION, ETC. (IMPRINT)
Place of publication New Delhi
Name of publisher Wiley India
Year of publication 2014
300 ## - PHYSICAL DESCRIPTION
Number of Pages 450 ; ./444
942 ## - ADDED ENTRY ELEMENTS (KOHA)
Koha item type Books
Holdings
Withdrawn status Lost status Damaged status Home library Current library Date acquired Full call number Accession Number Koha item type Collection code Shelving location Source of acquisition Cost, normal purchase price
      KAUAET KAUAET 02/09/1986 631.3 15651 Books        
      KAUAET KAUAET 21/07/2016 631.3 CUL/FA 24778 Books   General Stacks Dream Tech, Trivandrum 1295.00
free website counter